Central Library OPAC University of Rajshahi

Purification, Charcteri Zation and Structure-Function Analysis of Jute Seed Proteins / (Record no. 83587)

MARC details
000 -LEADER
fixed length control field 00935nam a2200241 a 4500
001 - CONTROL NUMBER
RUCL Control Number 83587
003 - CONTROL NUMBER IDENTIFIER
rucl marc code BD-RjUL
005 - DATE AND TIME OF LATEST TRANSACTION
control field 20240425111920.0
008 - FIXED-LENGTH DATA ELEMENTS--GENERAL INFORMATION
fixed length control field 240425s2007 bg a|||| m||| 00| 0 eng d
035 ## - SYSTEM CONTROL NUMBER
system control number (BD-RjUL)83587
040 ## - CATALOGING SOURCE
Original cataloging agency BD-RjUL
Language of cataloging eng
Transcribing agency BD-RjUL
Modifying agency BD-RjUL
041 ## - LANGUAGE CODE
Language code of Book eng
082 ## - DEWEY DECIMAL CLASSIFICATION NUMBER
DDC Edition number 23
Classification number 572.6
Author mark and Year UDP 2007
100 ## - MAIN ENTRY--PERSONAL NAME
Personal name Uddin, Md. Belal
9 (RLIN) 12722
245 10 - TITLE STATEMENT
Title Purification, Charcteri Zation and Structure-Function Analysis of Jute Seed Proteins /
Statement of responsibility, etc By Md. Belal Uddin ;
Name of Supervisor/Co-Supervisor Supervisor : Nurul Absar
260 ## - PUBLICATION, DISTRIBUTION, ETC. (IMPRINT)
Place of publication, distribution, etc Rajshahi :
Name of publisher, distributor, etc Department of Biochemistry and Molecular Biology, University of Rajshahi,
Date of publication, distribution, etc 2007
300 ## - PHYSICAL DESCRIPTION
Pagination xii, 132 Leaves :
Other physical details ill, ;
Dimensions 29 cm.
502 ## - DISSERTATION NOTE
Dissertation note Thesis (Ph. D.) -- Department of Biochemistry and Molecular Biology, University of Rajshahi, 2007
504 ## - BIBLIOGRAPHY, ETC. NOTE
Bibliography, etc References : Leaves 119-132
650 ## - SUBJECT ADDED ENTRY--TOPICAL TERM
Topical term or geographic name as entry element Biochemistry
Form subdivision Proteins
9 (RLIN) 12723
700 ## - ADDED ENTRY--SUPERVISOR/CO-SUPERVISOR NAME
Personal name Absar, Nurul, Supervisor
9 (RLIN) 3389
942 ## - ADDED ENTRY ELEMENTS (KOHA)
Source of classification or shelving scheme Dewey Decimal Classification
Koha item type Theses
Holdings
Source of classification or shelving scheme Damaged status Not for loan Collection code Permanent Location Current Location Shelving location Date of accession Source of acquisition Total Checkouts Full call number Barcode Date last seen Copy number Thesis
Dewey Decimal Classification   Not For Loan Theses Central Library, University of Rajshahi Central Library, University of Rajshahi Documentation Section 24/04/2008 Controller of Exam. R. U.   THE 572.6 UDP 2007 D2883 25/04/2024 C-I Theses